000 00428nam a2200181Ia 4500
001 706
005 20260306140537.0
008 260306t2014||||xx |||||||||||||| ||spa||
041 _aESP
082 _a142.7
_bM43
100 _aMerleau-Ponty, Maurice
_eAUT
245 0 _aPhenomenology of perception
260 _c2014
300 _alxxxv, 606 páginas :
_c24 cm.
650 _aGEN
654 _aCHU
942 _cLIB
_dJUS
_fJUS
_2ddc
_n
999 _c706
_d706